00818 a2200145 4500003000500000005001700005040000900022082001700031100002800048245007500076260003300151300001300184505046500197600001000662Nust20221207132128.0 cNust a297.1241,SAH aDr Muhammad Mohsin Khan aSahih Al Bukhari Arbic-English (Volume-1 to 9) / cDr Muhammad Muhsin aSaudi ArbiabDarusslamc1997 a478. p.' aThe Saying Of Allah (Page-31), If Some Kills (Page-37), The Saying Of Allah (Page-38), That Who Is Punished (Page-39), Sanction Among Men And Women (Page-43), Tooth For Tooth (Page-47), A Muslim Should Not Be Killed For Killing A Disbeliever (Page-60), Marriage Established Under Coercion Is Invalid (Page-80), The Glad Tidings (Page-107), Dreams (Page-114),The Appointment Of A Caliph (Page-221), The Saying Of Allah We Will Set Scales Of Justice (Page-408).  aIslam